Filozofia podnikania úspešnej firmy
Z vystúpenia generálneho riaditeľa a.s. SOFTIP v Banskej Bystrici, pôsobiacej v oblasti informačných technológií, na XVII. riadnom zhromaždení HNclubu. Najvýznamnejšie dodávky. Systém riadenia, prístup k práci.
Salvato in:
| Autore principale: | |
|---|---|
| Natura: | Capitolo di libro |
| Lingua: | slovacco |
| Soggetti: | |
| Tags: |
Nessun Tag, puoi essere il primo ad aggiungerne!!
|
MARC
| LEADER | 00000naa a2200000 4500 | ||
|---|---|---|---|
| 001 | r023020 | ||
| 005 | 20230801104446.7 | ||
| 041 | 0 | |a slo | |
| 044 | |a SK | ||
| 245 | 1 | 0 | |a Filozofia podnikania úspešnej firmy |c D. Dobrota |
| 520 | |a Z vystúpenia generálneho riaditeľa a.s. SOFTIP v Banskej Bystrici, pôsobiacej v oblasti informačných technológií, na XVII. riadnom zhromaždení HNclubu. Najvýznamnejšie dodávky. Systém riadenia, prístup k práci. | ||
| 610 | 2 | 0 | |a Slovensko |
| 610 | 2 | 0 | |a 1996 |
| 610 | 2 | 0 | |a technológie informačné |
| 610 | 2 | 0 | |a SOFTIP, a.s. Banská Bystrica |
| 610 | 2 | 0 | |a motivácia pracovná |
| 610 | 2 | 0 | |a podnikanie |
| 100 | 1 | |a Dobrota, D. | |